000 00325nam a22001337a 4500
008 181025b xxu||||| |||| 00| 0 eng d
020 _a9780890420256
041 _aeng
080 _24 ED
_a610
100 _a4
101 _aSHM
245 _aDiagnostic Statistical Manualn Of Mental Disordes
_cMelvin.S
942 _2udc
_cBK
999 _c50941
_d50941